000 00634nam a22001697a 4500
003 OSt
005 20241107144901.0
008 241107b |||||||| |||| 00| 0 eng d
040 _c0
082 _aDPer050 M72 January-March 2018 v. 66 no. 8-10
100 _aLabo, Maria Victoria I.
_eauthor.
_963761
245 _aMukhaing mga ulat sa pagsasalaysay (Narrative Report) sa report card(Form 138) ng mga mag-aaral /
_cMaria Victoria I. Labo.
260 _aManila, Philippines ;
_bIn the Grade School, Inc,
_cMarch 2019.
300 _aVolume 66, pages 386-387.
700 _aLabo, Maria Victoria I.
_eauthor.
_960949
942 _2ddc
_cPER
999 _c23087
_d23087